Отчет консула в Китае о ввозе и вывозе разных товаров

RUSMARC
00005551cbc2a2200000#x 450
00102008F09D1
00520250708155119.0
100##$a20130912l19151915k y0rusy0189 ca
1010#$arus
102##$aRU
251##$cДело
2250#$aФонд Министерство торговли и промышленности
$hОпись № 11
$i1895-1919 гг.
324##$aПленка
801#0$aRU
$bРГИА
$c20130912
801#1$aRU
$bГлавНИВЦ
$c20130912
$2rusmarc
801#2$aRU
$bПБ им. Б.Н. Ельцина
$c20130912
$gRCR
$2rusmarc
850##$aФедеральное казенное учреждение "Российский государственный исторический архив"
852##$aРГИА
$j210
937##$aASBIBLIO_SCAN
$bРГИА_23:_11:_210:
$d136405
$hРГИА
2001#$aОтчет консула в Китае о ввозе и вывозе разных товаров
$j1915
215##$a25 листов
035##$a02008F09D1
1220#$ad1915######
300##$aМашинописный текст
461#0$1001bb6a3f53-27b5-4601-8471-ec0c20bcc716
$12001
$aМинистерство торговли и промышленности
$1251
$cФонд
$1852
$j23
462#0$1001adbe5b81-d35f-4520-aed2-20c230621077
$12001
$a1901-1918 гг.
$vД. 210
$1251
$cОпись
$1852
$j11
6061#$2nlr_sh
$3RU\NLR\AUTH\66201902
$aВнешняя торговля
$yКитай
$jДокументы и материалы
607##$2prlib_sh
$3LIBNET\UAF\0000067870
$aКитай
$xТорговые взаимоотношения
$yРоссия
$zнач. 20 в.
$jДокументы и материалы
607##$2prlib_sh
$3LIBNET\UAF\0000067871
$aРоссия
$xТорговые взаимоотношения
$yКитай
$zнач. 20 в.
$jДокументы и материалы
605##$2acquisition_Prlib
$3LIBNET\UAF\0000067797
$aРоссия – Китай: из истории взаимоотношений
$lколлекция
605##$2acquisition_Prlib
$3DITM\AF\0000002775
$aВласть
$lколлекция
605##$2acquisition_Prlib
$3DITM\AF\0000003834
$aНарод
$lколлекция
686##$2rubbk
$a63.3(2)53-64ю11
$vLBC/M
686##$a63.3(5Кит)6-64ю11
$vLBC/M
$2rubbk
686##$a65.428.8ю11
$vLBC/M
$2rubbk
Формат отображения